000 00911nam a22002417a 4500
999 _c12102
_d12102
003 AR-CdUCM
008 190405b ||||| |||| 00| 0 spa d
040 _aMUNICIPALIDAD PROVINCIAL DEL CUSCO
_cBIBLIOTECA MUNICIPAL DEL CUSCO
041 _hfre
082 _a124 /
_bC485 / 1948
100 _aCharrón, Pierre
_929786
245 _aDe la sabiduría /
260 _aBuenos Aires :
_bLosada,
_c1948.
300 _a626 páginas ;
_c20 cm.
505 _acontenido: Consideración del hombre en si y en general -- Consideración del hombre comparado con todos los demás animales -- Consideración del hombre en detalle de todas las partes que lo componen y forman ...
650 _aVida y sabiduría
_929213
650 _aMoral socia
_929787
650 _aAntropología
_9878
650 _aFilosofía
_9395
700 _aFabernig, Elsa (traductor)
_929788
942 _2ddc
_cLIBROS
945 _acmm
_d2019-04-05